Central Library OPAC University of Rajshahi

Commercial broadcasting pioneer : (Record no. 73260)

MARC details
000 -LEADER
fixed length control field 00798nam a2200241 a 4500
001 - CONTROL NUMBER
control field 73260
003 - CONTROL NUMBER IDENTIFIER
rucl marc code BD-RjUL
005 - DATE AND TIME OF LATEST TRANSACTION
control field 20211209082353.0
008 - FIXED-LENGTH DATA ELEMENTS--GENERAL INFORMATION
fixed length control field 170529s1946 mauacfh b 001 0 eng d
035 ## - SYSTEM CONTROL NUMBER
System control number (BD-RjUL)73478
040 ## - CATALOGING SOURCE
Original cataloging agency DLC
Transcribing agency MH
Modifying agency BD-RjUL
Language of cataloging eng
041 ## - LANGUAGE CODE
Language code of text/sound track or separate title eng
082 ## - DEWEY DECIMAL CLASSIFICATION NUMBER
Classification number 621.384
Edition number 23
Author mark and year BAC 1946
100 1# - MAIN ENTRY--PERSONAL NAME
Personal name Banning, William Peck,
Dates associated with a name 1880-
9 (RLIN) 216700
245 10 - TITLE STATEMENT
Title Commercial broadcasting pioneer :
Remainder of title The WEAF experiment, 1922-1926 /
Statement of responsibility, etc. by William Peck Banning
260 ## - PUBLICATION, DISTRIBUTION, ETC. (IMPRINT)
Place of publication, distribution, etc. Cambridge, Mass :
Name of publisher, distributor, etc. Harvard University Press,
Date of publication, distribution, etc. 1946.
300 ## - PHYSICAL DESCRIPTION
Pagination xxxiii, 308 p. :
Illustrations ill. ;
Size 24 cm.
504 ## - BIBLIOGRAPHY, ETC. NOTE
Bibliography, etc Includes bibliographical foot-notes and index
650 #0 - SUBJECT ADDED ENTRY--TOPICAL TERM
Topical term or geographic name as entry element Radio broadcasting
9 (RLIN) 216701
Topical term or geographic name as entry element Radio broadcasting
Geographic subdivision United States.
9 (RLIN) 150346
942 ## - ADDED ENTRY ELEMENTS (KOHA)
Source of classification or shelving scheme Dewey Decimal Classification
Koha item type Books
Holdings
Lost status Source of classification or shelving scheme Damaged status Not for loan Collection code Permanent Location Current Location Shelving location Date acquired Source of acquisition Cost, normal purchase price Total Checkouts Full call number Date last seen Copy number Koha item type
  Dewey Decimal Classification   Not For Loan Non-fiction Central Library, University of Rajshahi Central Library, University of Rajshahi Reading Room 27/02/1958 U. S. I. A. Dacca 0.00   621.384 BAC 1946 29/05/2017 C-1 Books